Les grosses tetes 3 - Statistiques

Statistiques générales
  • Ce quiz a été pris 10 fois
  • Le résultat moyen est 11 sur 28
Statistiques - réponses
Par images Réponse % Correct
Marlene Jobert
100%
Sacha Distel
100%
Marie Christine Barrault
80%
Michele Bernier
80%
Pierre Mondy
80%
Darry Cowl
70%
Diane Tell
70%
Marie Paule Belle
70%
Georges Beller
50%
Patrice Drevet
50%
Jacques Chancel
40%
Jean Le Poulain
40%
Micheline Presle
40%
Pierre Vassiliu
40%
Eddie Constantine
30%
Françoise xenakis
30%
Jean Piat
30%
Robert Castel
30%
Jean Marie Cavada
20%
Menie Gregoire
20%
Philippe Labro
20%
Charlotte Julian
10%
Edgar Faure
10%
Arlette Didier
0%
Julie Snyder
0%
Mimi Coutelier
0%
Robert Dhery
0%
Robert Sabatier
0%
Aucun quiz correspondant
Distribution des résultats
% des personnes avec chaque résultat
Percentile par nombre de réponses
Votre historique - résultats
Vous n’avez pas pris ce quiz